000 00392 a2200121 4500
000 nam a22 7a 4500
005 20260416154639.0
020 _a9781804294536
100 _aEdited by Isabelle Ferreras, Tom Malleson and Joel Rogers
_91234988
245 _aDemocratizing the Corporation:The Bicameral Firm and Beyond
260 _bPenguin Random House & Verso Books
_c2024
942 _cTEXL
999 _c1848291
_d1848291